000 01776nam0a22003251 4500
001 rc\3635088
005 20130115145112.3
021 _aRU
_b[72-92063]
035 _a(NLR Aleph) 007826548
090 _a7761239
_c7761239
100 _a20130115d1972 |||y0rusy50 ca
101 0 _arus
102 _aRU
105 _aa z |||||
200 1 _aМетодические рекомендации по анализу действующих и разработке новых производственных норм расхода материалов в глубоком разведочном бурении на нефть и газ
_fМ-во геологии УССР. Метод. экспедиция по геол.-экон. исследованиям
210 _aКиев
_cБ. и.
_d1972
215 _a32 с., 7 л. схем.
_d19
300 _aНа обороте тит. л.: разраб. Храмов В.З., Яценко Т.Д., Петровский Г.К.
320 _aСписок лит.: с. 32 (5 назв.)
606 _aБурение на нефть, разведочное, глубокое
_jНормы расхода материалов
_2psbo
606 _aБурение на газ, разведочное, глубокое
_jНормы расхода материалов
_2psbo
702 1 _aЯценко
_bТ. Д.
_4570
702 1 _aХрамов
_bВ. З.
_4570
702 1 _aПетровский
_bГ. К.
_4570
712 0 1 _aУССР
_bМинистерство геологии
_bМетодическая экспедиция по геолого-экономическим исследованиям
_3RU\NLR\AUTH\8810065878
801 0 _aRU
_bNLR
_gpsbo
801 1 _aRU
_bELAR
_2rusmarc
852 _aNLR
_j72-4/32840
942 _cBOOK
980 _aNB